A Course of Paleontology. (Record no. 348506)

000 -LEADER
fixed length control field 00395 a2200145 4500
020 ## - INTERNATIONAL STANDARD BOOK NUMBER
International Standard Book Number 9694040248
082 ## - DEWEY DECIMAL CLASSIFICATION NUMBER
Classification number 560
090 ## - LOCALLY ASSIGNED LC-TYPE CALL NUMBER (OCLC); LOCAL CALL NUMBER (RLIN)
-- 6124
-- 6124
100 ## - MAIN ENTRY--PERSONAL NAME
Personal name Siddiqui,Seema Naz.
245 ## - TITLE STATEMENT
Title A Course of Paleontology.
Remainder of title Knowledge of Fossils.
Statement of responsibility, etc. Seema Naz Siddiqui.
260 ## - PUBLICATION, DISTRIBUTION, ETC.
Place of publication, distribution, etc. Karachi.
Name of publisher, distributor, etc. Federal Urdu University.
Date of publication, distribution, etc. 2004.
300 ## - PHYSICAL DESCRIPTION
Extent 328p.
500 ## - GENERAL NOTE
General note Paper cover.
942 ## - ADDED ENTRY ELEMENTS (KOHA)
Institution code [OBSOLETE] NBS
Koha item type Book
Call number prefix 560 SEM
Holdings
Withdrawn status Lost status Damaged status Not for loan Permanent Location Current Location Date acquired Total Checkouts Full call number Barcode Date last seen Price effective from Koha item type
        Central Library (CL) Central Library (CL) 08/28/2013   560 SEM NBSD-1706 08/28/2013 08/28/2013 Book
© 2023 Central Library, National University of Sciences and Technology. All Rights Reserved.